| 000 | 00354nam a22001217a 4500 | ||
|---|---|---|---|
| 999 |
_c2395 _d2395 |
||
| 005 | 20200914144317.0 | ||
| 008 | 200914b ||||| |||| 00| 0 eng d | ||
| 020 | _a14150 | ||
| 040 | _cCML | ||
| 245 |
_aEducation in World Perspective. _cHughes, E.J. |
||
| 260 |
_aNew york _bHarper and Row _c1962 |
||
| 942 |
_2ddc _cBK _e1st Edition _h372 _mSHA |
||